| 000 | 00768cam a22002411 4500 | ||
|---|---|---|---|
| 001 | 51411 | ||
| 003 | BD-RjUL | ||
| 005 | 20211209075645.0 | ||
| 008 | 160830s1966 nyua 000 0 eng | ||
| 035 | _a(BD-RjUL)51531 | ||
| 035 | _a(OCoLC)165879 | ||
| 040 |
_aDLC _cODaWU _dOCoLC _dUk _dDLC _beng |
||
| 041 | _aeng | ||
| 082 |
_a519.5 _bCLB 1966 |
||
| 100 | 1 |
_aClelland, Richard C. _q(Richard Carl), _d1923- _9153786 |
|
| 245 | 1 | 0 |
_aBasic statistics with business applications / _c[by] Richard C. Clelland [and others] |
| 260 |
_aNew York : _bWiley, _c[1966] |
||
| 300 |
_axvi, 708 p. : _bill. ; _c24 cm. |
||
| 650 | 0 |
_aStatistics. _9153787 |
|
| 942 |
_2ddc _cBK |
||
| 999 |
_c51411 _d51411 |
||